000 00541 a2200193 4500
003 OSt
005 20180116182648.0
008 160825b xxu||||| |||| 00| 0 eng d
020 _a8126500255
040 _c0
082 _a658.8720681 HOL 2001
100 _aGreg Holden
245 _aStarting an E-commerce Business for Dummies
_cGreg Holden
250 _a2nd
260 _aN. Delhi
_bI D G Books
_c2001
300 _a382 p.
_bPB
440 _aStarting an E-commerce Business for Dummies
942 _aNBS
_cBK
_k658.8720681 HOL 2001
_2ddc
999 _c343579
_d343579